লোডিং...

Milestones on the Dover Road. /

গ্রন্থ-পঞ্জীর বিবরন
প্রধান লেখক: Wilson, John Dover
ভাষা:Undetermined
প্রকাশিত: 1969.
বিষয়গুলি:
LEADER 00409nam a2200133Ia 4500
001 3689
008 170722s9999 xx 000 0 und d
100 |a Wilson, John Dover 
245 |a Milestones on the Dover Road. / 
260 |c 1969. 
653 |a Biography 
942 |c GEN 
999 |c 76902  |d 76902 
952 |0 0  |1 0  |4 0  |6 W_3M811_K9GB  |7 0  |8 CR  |9 108569  |a LIB  |b LIB  |d 2013-03-25  |h CR  |o w3,M81,1 K9(GB)  |p 130358  |r 2017-08-12  |w 2017-08-12  |y GEN